000 00299nam a2200109Ia 4500
008 260210s9999 xx 000 0 und d
020 _a9781610919494
100 _aGarvin
245 4 _aThe Heart Of The City: Creating Vibrant Downtowns For A New Century (P/B)
260 _bIsland Press
942 _cPG
999 _c14047
_d14047